000 00663nam a2200193Ia 4500
008 151121s9999||||xx |||||||||||||| ||und||
082 _a920/हुबळी
082 _bHNW-57298
100 _aहुबळीकर शांता
245 _aकशाला उद्याची बात
260 _b"श्रीविद्या प्रकाशन,।"
260 _c--
300 _a134
600 _aहुबळीकर शांता
630 _aकशाला उद्याची बात
700 _aहुबळीकर शांता
730 _aकशाला उद्याची बात
942 _cBOOK
999 _c1239564
_d1239561